000 00715nam a22001937a 4500
005 20240823121544.0
010 _aENG-141406
020 _a9789389080957
_c100.00
035 _aEN-124938
037 _bDBAD
082 _a881
_21
245 _aAmbrosial Kiss/
_cCompiled and Edited by C.Rajeswari
260 _aChennai
_bEmerald Publishers
_c2020
270 _aOlivannam Gopalkrishnan, Emerald Publishers, 15A, First Floor, Casa Major road, Egmore,
_bChennai
_e600008
_minfo@emeraldpublishers.com
_k91 44 28193206, 42146994
300 _a105p.
_c19cm(pb)
500 _aReviews on Muththamizh Virumbi's Poems
700 _970456
_aC.Rajeswari
_eComplied and Edited by
942 _2ddc
_cEN
_h881
_mAMB
999 _c205242
_d205242